003190000a2200073000450024501030000004100140010310000240011777301040014110aSerpientes del género Atractus wagler, 1828 (Colubridae, Xenodontinae) en la Amazonia colombiana0 aEspañol1 aSilva Haad, Juan J.1 tRevista de la Academia Colombiana de Ciencias Exacta, Físicas y Naturalesh108q409-446d2004g28